书目信息 |
| 题名: |
学术与社会
|
|
| 作者: | 章清 著 | |
| 分册: | ||
| 出版信息: | 上海 上海人民出版社 2012 |
|
| 页数: | 15,309页 | |
| 开本: | 23cm | |
| 丛书名: | 近代中国研究书系 | |
| 单 册: | ||
| 中图分类: | K250.3 | |
| 科图分类: | ||
| 主题词: | 文化史--研究--中国--近代 | |
| 电子资源: | ||
| ISBN: | 978-7-208-10830-1 | |
| 000 | 01324nam0 2200265 45 | |
| 001 | 1355722827 | |
| 005 | 20130515101653.87 | |
| 010 | @a978-7-208-10830-1@dCNY42.00 | |
| 100 | @a20130108d2012 em y0chiy50 ea | |
| 101 | 0 | @achi |
| 102 | @aCN@b310000 | |
| 105 | @ay z 000yy | |
| 106 | @ar | |
| 200 | 1 | @a学术与社会@AXue Shu Yu She Hui@e近代中国“社会重心”的转移与读书人新的角色@EJin Dai Zhong Guo“ She Hui Zhong Xin” De Zhuan Yi Yu Dou Shu Ren Xin De Jiao Se@f章清著@FZhang Qing Zhu |
| 210 | @a上海@c上海人民出版社@d2012 | |
| 215 | @a15,309页@d23cm | |
| 225 | 0 | @a近代中国研究书系@h第一辑 |
| 330 | @a本书包括三编,第一编为“传统的发明”,主要检讨传统文化在近代的遭遇,既试图对传统加以恰当的区分,也从不同侧面说明传统作为“记忆延续”的基本资源,如何被“发明”。第二编命名为“思想界的解析”,主要汇集了一组讨论“思想界”的文章。第三编则集中关注“学术社会的建构”。所谓“学术社会”来自近代中国读书人的自诩,显示的是走出科举时代的读书人对新的角色与身份的寻求。 | |
| 461 | 0 | @12001 @a近代中国研究书系 |
| 517 | 1 | @a近代中国“社会重心”的转移与读书人新的角色@AJin Dai Zhong Guo“ She Hui Zhong Xin” De Zhuan Yi Yu Dou Shu Ren Xin De Jiao Se |
| 606 | 0 | @a文化史@x研究@y中国@z近代 |
| 690 | @aK250.3@v5 | |
| 701 | 0 | @a章清@AZhang Qing@4著 |
| 801 | @aCN@bTANGWEI@c20130112 | |
| 905 | @b0832025-29@dK250.3@e185@f5 | |
| 学术与社会:近代中国“社会重心”的转移与读书人新的角色/章清著.-上海:上海人民出版社,2012 |
| 15,309页;23cm.-(近代中国研究书系.第一辑) |
| ISBN 978-7-208-10830-1:CNY42.00 |
| 本书包括三编,第一编为“传统的发明”,主要检讨传统文化在近代的遭遇,既试图对传统加以恰当的区分,也从不同侧面说明传统作为“记忆延续”的基本资源,如何被“发明”。第二编命名为“思想界的解析”,主要汇集了一组讨论“思想界”的文章。第三编则集中关注“学术社会的建构”。所谓“学术社会”来自近代中国读书人的自诩,显示的是走出科举时代的读书人对新的角色与身份的寻求。 |
| ● |
| 相关链接 |
|
|
|
|
正题名:学术与社会
索取号:K250.3/185
 
预约/预借
| 序号 | 登录号 | 条形码 | 馆藏地/架位号 | 状态 | 备注 |
| 1 | 0832025 | 208320253 | 第二样本阅览室/ [索取号:K250.3/185] | 在馆 | |
| 2 | 0832026 | 208320262 | 第二借阅区/ [索取号:K250.3/185] | 在馆 | |
| 3 | 0832027 | 208320271 | 第二借阅区/ [索取号:K250.3/185] | 在馆 | |
| 4 | 0832028 | 208320280 | 第二借阅区/ [索取号:K250.3/185] | 在馆 | |
| 5 | 0832029 | 208320299 | 第二借阅区/ [索取号:K250.3/185] | 在馆 |